| 000 | 00534pab a2200181 454500 | ||
|---|---|---|---|
| 008 | 180718b2017 xxu||||| |||| 00| 0 eng d | ||
| 100 | _aWouters, Jelle J.P. | ||
| 245 | _aLand tax, reservation for women and customary law in Nagaland | ||
| 260 | _c2017 | ||
| 300 | _ap.20-23. | ||
| 362 | _a4 Mar | ||
| 650 | _aLocal government - India - Nagaland | ||
| 650 | _aWomen - India - Nagaland | ||
| 650 | _aCustomary law - India - Nagaland | ||
| 650 | _aCustomary law | ||
| 773 | _aEconomic and Political Weekly | ||
| 909 | _a114159 | ||
| 999 |
_c114153 _d114153 |
||